000 00481nam a2200157Ia 4500
008 220204s9999 xx 000 0 und d
082 _a581.2(213.5)
_bREV.4
245 0 _aReview of tropical plant pathology. V 4. Diseases of plantation crops and forest trees
260 _aDelhi
_bToday and tomorrow
_c1988
650 _aForest tree disease
650 _aPlantation crops disease
650 _aTea disease
700 _aRaychaudhuri, S P
700 _aVerma, J P
942 _cBK
999 _c40201
_d40201